| 000 | 00913nam a22002897a 4500 | ||
|---|---|---|---|
| 001 | 8390 | ||
| 003 | FISKH | ||
| 005 | 20250910124239.0 | ||
| 008 | 250910b cb ||||| |||| 00| 0 eng d | ||
| 020 | _a9780817253257 | ||
| 040 |
_aFISKH _beng _cFISKH _dFISKH |
||
| 050 | _a QC161.2 .M33 | ||
| 082 | _a533.6 | ||
| 100 | _aMadgwick, Wendy | ||
| 245 |
_aUp in the air / _cBy Wendy Madgwick |
||
| 260 |
_aTexas : _bRaintree Steck-Vaughn Publishers , _c1999. |
||
| 300 |
_a32 unnumbered pages : _bcolor illustrations ; _c27 cm . |
||
| 490 | _aScience starters | ||
| 505 | _aP | ||
| 520 | _aProvides instructions for a variety of projects that demonstrate the properties and uses of air. | ||
| 521 | 8 |
_a650
_bLexile estiamte |
|
| 521 | 8 |
_aP
_bRaz-Plus |
|
| 650 |
_aAir-Experiments _vJuvenile Literature |
||
| 700 |
_aSudenham, Andrew _eIllustrator |
||
| 942 |
_2ddc _cBK _n0 |
||
| 999 |
_c8390 _d8390 |
||